[Event "Wasselonne op"]
[Site "Wasselonne"]
[Date "2022.08.06"]
[Round "6"]
[White "Lerch, Patrice"]
[Black "Visakh, Narayanan Rajeswari"]
[Result "0-1"]
[WhiteElo "2316"]
[BlackElo "2542"]
[PlyCount "136"]
[EventDate "2022.08.04"]
[EventType "swiss"]
[EventRounds "7"]
[EventCountry "FRA"]
[SourceTitle "CBM 209 Extra"]
[Source "ChessBase"]
[SourceDate "2022.09.30"]
[SourceVersion "1"]
[SourceVersionDate "2022.09.30"]
[SourceQuality "1"]

1. e4 c6 2. Nc3 d5 3. Nf3 Bg4 4. h3 Bxf3 5. Qxf3 e6 6. g3 Nd7 7. d4 Qb6 8. exd5 cxd5 9. Ne2 g6 10. Qb3 Bg7 11. Qxb6 Nxb6 12. h4 h5 13. Bg5 Ne7 14. Bxe7 Kxe7 15. 0-0-0 Rhc8 16. Ng1 Nc4 17. Nf3 a5 18. Kb1 b5 19. a3 b4 20. a4 Nd6 21. Bd3 Nf5 22. Bxf5 gxf5 23. Rd3 Rc4 24. Re1 Rac8 25. Re2 Bf6 26. Red2 Rg8 27. b3 Rcc8 28. Ne1 f4 29. Ng2 fxg3 30. fxg3 Rg4 31. Nf4 Bxh4 32. Nxd5+ exd5 33. gxh4 Rc6 34. Rf3 Rf6 35. Re2+ Re4 36. Rxf6 Kxf6 37. Rxe4 dxe4 38. c4 bxc3 39. Kc2 Ke6 40. b4 axb4 41. a5 e3 42. a6 e2 43. a7 e1Q 44. a8Q Qd2+ 45. Kb3 Qxd4 46. Qe8+ Kf5 47. Qxf7+ Kg4 48. Qe7 Qf4 49. Qe6+ Kxh4 50. Qe1+ Kg5 51. Qe7+ Kg6 52. Qe6+ Kg7 53. Qe2 h4 54. Qg2+ Qg3 55. Qb7+ Kf6 56. Qc6+ Ke5 57. Qc5+ Ke4 58. Qxb4+ Kd3 59. Qc4+ Kd2 60. Qd5+ Ke2 61. Qe6+ Kf2 62. Qf5+ Qf3 63. Qc2+ Ke3 64. Qc1+ Kd3 65. Qc2+ Kd4 66. Qh7 c2+ 67. Kb2 Qc3+ 68. Ka2 Qc4+ 0-1

[Event "BL2-Sued 2122"]
[Site "Germany"]
[Date "2022.05.15"]
[Round "6.7"]
[White "Lerch, Patrice"]
[Black "Kachiani Gersinska, Ketino"]
[Result "0-1"]
[WhiteElo "2327"]
[BlackElo "2293"]
[PlyCount "58"]
[EventDate "2022.03.05"]
[EventType "team-tourn"]
[EventRounds "10"]
[EventCountry "GER"]
[SourceTitle "EXT 2023"]
[Source "ChessBase"]
[SourceDate "2022.10.05"]
[SourceVersion "1"]
[SourceVersionDate "2022.10.05"]
[SourceQuality "1"]
[WhiteTeam "Oetigheim"]
[BlackTeam "Baden-Baden II"]
[WhiteTeamCountry "GER"]
[BlackTeamCountry "GER"]

1. e4 c6 2. Nc3 d5 3. Nf3 dxe4 4. Nxe4 Nf6 5. Nxf6+ exf6 6. Be2 Bd6 7. 0-0 0-0 8. Re1 Re8 9. d4 Nd7 10. c3 Nf8 11. Bd2 Ng6 12. Bf1 Be6 13. g3 Qd7 14. Bg2 h5 15. b3 Rad8 16. Qb1 h4 17. Qd3 h3 18. Bh1 Bc7 19. Qf1 a5 20. Rab1 a4 21. bxa4 Ra8 22. Rxb7 Rxa4 23. Rb2 Rea8 24. Ra1 Bxa2 25. Qd1 Qc8 26. Qc1 Bd5 27. Rbb1 Qf5 28. Ne1 Bxh1 29. Kxh1 Qxf2 0-1

[Event "Mulhouse IM"]
[Site "Mulhouse"]
[Date "2021.06.26"]
[Round "9"]
[White "Lerch, Patrice"]
[Black "Klek, Hanna Marie"]
[Result "1/2-1/2"]
[WhiteElo "2354"]
[BlackElo "2265"]
[PlyCount "120"]
[EventDate "2021.06.26"]
[EventType "tourn"]
[EventRounds "9"]
[EventCountry "FRA"]
[EventCategory "5"]
[SourceTitle "CBM 203 Extra"]
[Source "ChessBase"]
[SourceDate "2021.09.30"]
[SourceVersion "1"]
[SourceVersionDate "2021.09.30"]
[SourceQuality "1"]

1. e4 e5 2. Bc4 Nf6 3. d3 Bc5 4. Nf3 Nc6 5. 0-0 d6 6. c3 a6 7. Re1 Ba7 8. Nbd2 h6 9. b4 Nh5 10. Nf1 Qf6 11. Ne3 Nf4 12. d4 Ne7 13. Kh1 c6 14. Bb2 0-0 15. Bf1 exd4 16. cxd4 d5 17. e5 Qe6 18. Ng1 f6 19. g3 Nfg6 20. f4 fxe5 21. dxe5 Qf7 22. Bd4 Bxd4 23. Qxd4 Nf5 24. Nxf5 Bxf5 25. Bd3 Ne7 26. a4 a5 27. Bxf5 Nxf5 28. Qc5 axb4 29. Qxb4 d4 30. e6 Qe7 31. Qxe7 Nxe7 32. Nf3 c5 33. Rab1 Ra7 34. Ne5 Rc8 35. Nc4 Rc6 36. a5 g6 37. Re5 Kg7 38. g4 Rc7 39. Kg2 Ra6 40. Kf3 Kf6 41. g5+ Kg7 42. Ke4 Kh7 43. Kd3 Kg7 44. Rb5 Rac6 45. Kc2 Nf5 46. Kd3 hxg5 47. fxg5 Kf8 48. Rd5 Rxe6 49. Rdxc5 Rh7 50. Rc8+ Re8 51. Rxe8+ Kxe8 52. h4 Kd8 53. h5 Rxh5 54. Rxb7 Ne7 55. Ne5 Rxg5 56. Kxd4 Rg1 57. a6 Rd1+ 58. Kc4 Rc1+ 59. Kd4 Rd1+ 60. Kc4 Rc1+ 1/2-1/2

[Event "Mulhouse IM"]
[Site "Mulhouse"]
[Date "2021.06.26"]
[Round "2"]
[White "Lerch, Patrice"]
[Black "Kuhn, Clement"]
[Result "1/2-1/2"]
[WhiteElo "2354"]
[BlackElo "2302"]
[PlyCount "61"]
[EventDate "2021.06.26"]
[EventType "tourn"]
[EventRounds "9"]
[EventCountry "FRA"]
[EventCategory "5"]
[SourceTitle "CBM 203 Extra"]
[Source "ChessBase"]
[SourceDate "2021.09.30"]
[SourceVersion "1"]
[SourceVersionDate "2021.09.30"]
[SourceQuality "1"]

1. e4 c5 2. Nc3 Nc6 3. g3 g6 4. d3 Bg7 5. Be3 d6 6. Qd2 Rb8 7. Bg2 b5 8. Nge2 b4 9. Nd1 Nd4 10. 0-0 h5 11. h3 Bd7 12. f4 Qc8 13. Kh2 f5 14. Bf2 h4 15. gxh4 Nf6 16. c3 Nxe2 17. Qxe2 Nh5 18. Be1 0-0 19. exf5 Rxf5 20. Ne3 Rf7 21. cxb4 Qf8 22. f5 Be5+ 23. Kh1 Bxf5 24. Bd5 e6 25. Rxf5 exf5 26. Nc4 Nf4 27. Bxf7+ Qxf7 28. Qf3 cxb4 29. Bg3 Qd5 30. Qxd5+ Nxd5 31. Bxe5 1/2-1/2

[Event "Wasselonne op 22nd"]
[Site "Wasselonne"]
[Date "2018.08.04"]
[Round "5"]
[White "Mohota, Nisha"]
[Black "Lerch, Patrice"]
[Result "1-0"]
[WhiteElo "2268"]
[BlackElo "2388"]
[PlyCount "93"]
[EventDate "2018.08.02"]
[EventType "swiss"]
[EventRounds "7"]
[EventCountry "FRA"]
[SourceTitle "CBM 185 Extra"]
[Source "ChessBase"]
[SourceDate "2018.07.29"]
[SourceVersion "1"]
[SourceVersionDate "2018.07.29"]
[SourceQuality "1"]

1. e4 c5 2. Nf3 Nc6 3. Bb5 Qc7 4. 0-0 Nf6 5. Re1 e5 6. c3 a6 7. Bf1 Be7 8. h3 0-0 9. d4 d6 10. d5 Nb8 11. a4 Nbd7 12. Na3 Kh8 13. Nc4 b6 14. b4 Rb8 15. Bd3 Ng8 16. Qe2 g6 17. Ne3 Ra8 18. Ba3 a5 19. b5 Qd8 20. Bc1 Ra7 21. Qc2 Ndf6 22. Nc4 Nh5 23. Nfxe5 dxe5 24. Nxe5 Bd7 25. c4 Bf6 26. Nxd7 Bxa1 27. Nxf8 Qxf8 28. g4 Ng7 29. e5 Qd8 30. Kg2 Qh4 31. g5 Qd4 32. Bd2 Re7 33. f4 Nf5 34. Bxf5 gxf5 35. Rxa1 h6 36. Re1 Kg7 37. Be3 Qe4+ 38. Qxe4 fxe4 39. Bc1 Kg6 40. d6 Re8 41. Rxe4 f6 42. d7 Rd8 43. gxf6 Kf5 44. e6 Kxf6 45. Bb2+ Ke7 46. f5 Rf8 47. Rg4 1-0

[Event "Wasselonne op 22nd"]
[Site "Wasselonne"]
[Date "2018.08.03"]
[Round "4"]
[White "Lerch, Patrice"]
[Black "Luba, Lukasz"]
[Result "1-0"]
[WhiteElo "2388"]
[BlackElo "2117"]
[PlyCount "107"]
[EventDate "2018.08.02"]
[EventType "swiss"]
[EventRounds "7"]
[EventCountry "FRA"]
[SourceTitle "CBM 185 Extra"]
[Source "ChessBase"]
[SourceDate "2018.07.29"]
[SourceVersion "1"]
[SourceVersionDate "2018.07.29"]
[SourceQuality "1"]

1. e4 c6 2. Ne2 d5 3. e5 f5 4. Nf4 g6 5. d4 Nh6 6. c4 e6 7. Nc3 Bd7 8. Qb3 Na6 9. c5 Nc7 10. Qxb7 Kf7 11. Nh3 Ng8 12. Qb3 Bh6 13. Qd1 Kg7 14. Be2 Bxc1 15. Qxc1 h6 16. f4 h5 17. 0-0 Nh6 18. Qd2 Qe7 19. b4 Rhb8 20. Rfb1 Rb7 21. Nf2 Rab8 22. a3 Ng4 23. Nd3 Rh8 24. Bf1 Qh4 25. g3 Qe7 26. h4 Rhb8 27. Nc1 Rf8 28. Nb3 Rbb8 29. Bd3 Rf7 30. Na5 Rbf8 31. Ne2 Rb8 32. Rb2 Qf8 33. Kg2 Re7 34. Rab1 Ree8 35. Nc3 Nb5 36. a4 Nxd4 37. Ba6 Rxb4 38. Rxb4 Nc2 39. Rb7 Nce3+ 40. Kh1 Re7 41. Be2 Rf7 42. Bxg4 Nxg4 43. Rxa7 g5 44. Rbb7 Be8 45. fxg5 Qxc5 46. Nb3 Qc4 47. Kg2 Kg6 48. Qd4 Rxb7 49. Rxb7 c5 50. Qxc4 dxc4 51. Na5 Nxe5 52. Ne2 f4 53. Nxf4+ Kf5 54. Rc7 1-0

[Event "Avoine op 33rd"]
[Site "Avoine"]
[Date "2018.07.29"]
[Round "9"]
[White "Ortiz Suarez, Isan Reynaldo"]
[Black "Lerch, Patrice"]
[Result "1-0"]
[WhiteElo "2548"]
[BlackElo "2405"]
[PlyCount "95"]
[EventDate "2018.07.21"]
[EventType "swiss"]
[EventRounds "9"]
[EventCountry "FRA"]
[SourceTitle "CBM 185 Extra"]
[Source "ChessBase"]
[SourceDate "2018.07.29"]
[SourceVersion "1"]
[SourceVersionDate "2018.07.29"]
[SourceQuality "1"]

1. e4 c5 2. Nf3 Nc6 3. d4 cxd4 4. Nxd4 Nf6 5. Nc3 e6 6. Nxc6 bxc6 7. e5 Nd5 8. Ne4 Bb7 9. Be2 c5 10. c4 Ne3 11. Bxe3 Bxe4 12. Bf3 Bxf3 13. Qxf3 Rb8 14. 0-0 Qc8 15. b3 h6 16. Rad1 Be7 17. Rd3 Qb7 18. Qg3 g6 19. Rfd1 Rd8 20. f3 Qc7 21. Bd2 Rb8 22. Qe1 Rb7 23. Ba5 Qc6 24. Bc3 Kf8 25. Qd2 Ke8 26. h3 Bg5 27. Qf2 Be7 28. Bd2 Kf8 29. Be3 Ke8 30. Rd6 Bxd6 31. Rxd6 Qc7 32. Bxc5 Qa5 33. Rd3 f6 34. b4 Qc7 35. exf6 Kf7 36. Qd2 a5 37. a3 axb4 38. axb4 Ra8 39. Qxh6 Ra1+ 40. Kf2 Ra2+ 41. Rd2 Rxd2+ 42. Qxd2 Kxf6 43. Qh6 d5 44. Qf8+ Qf7 45. Qd8+ Ke5 46. Qd6+ Kf6 47. Bd4+ Kg5 48. Qg3+ 1-0

[Event "Avoine op 31st"]
[Site "Avoine"]
[Date "2016.07.28"]
[Round "6"]
[White "Marimoutou, Loic"]
[Black "Lerch, Patrice"]
[Result "0-1"]
[WhiteElo "2077"]
[BlackElo "2392"]
[PlyCount "62"]
[EventDate "2016.07.23"]
[EventType "swiss"]
[EventRounds "9"]
[EventCountry "FRA"]
[SourceTitle "CBM 173 Extra"]
[Source "ChessBase"]
[SourceDate "2016.08.29"]
[SourceVersion "1"]
[SourceVersionDate "2016.08.29"]
[SourceQuality "1"]

1. e4 c5 2. Nc3 a6 3. f4 b5 4. Nf3 Bb7 5. d3 e6 6. Be2 d5 7. e5 Nh6 8. 0-0 Be7 9. Qe1 0-0 10. Bd1 Nf5 11. Ne2 Nh4 12. Ng3 Nc6 13. Be3 Qb6 14. Nh5 Ng6 15. Qg3 Rac8 16. h4 d4 17. Bf2 Nb4 18. Ng5 Qc6 19. Bf3 Qc7 20. Bd1 Kh8 21. a3 Nd5 22. Bf3 f6 23. Nxh7 Kxh7 24. Nxg7 Rg8 25. exf6 Nxf6 26. Bxb7 Qxb7 27. Nxe6 Nh5 28. Qg4 Ngxf4 29. Qf5+ Rg6 30. Qf7+ Kh8 31. Nxf4 Nxf4 0-1

[Event "Verbandsliga Suedbaden 1516"]
[Site "Baden"]
[Date "2016.03.20"]
[Round "8.1"]
[White "Lerch, Patrice"]
[Black "Ruff, Maximilian"]
[Result "1-0"]
[WhiteElo "2412"]
[BlackElo "2318"]
[PlyCount "63"]
[EventDate "2015.09.27"]
[EventType "team-tourn"]
[EventRounds "9"]
[EventCountry "GER"]
[SourceTitle "EXT 2022"]
[Source "ChessBase"]
[SourceDate "2021.10.06"]
[SourceVersion "1"]
[SourceVersionDate "2021.10.06"]
[SourceQuality "1"]
[WhiteTeam "Lahr"]
[BlackTeam "Sasbach"]
[WhiteTeamCountry "GER"]
[BlackTeamCountry "GER"]

1. e4 e5 2. Nf3 Nc6 3. d4 exd4 4. Nxd4 Bb4+ 5. c3 Bc5 6. Be3 Bb6 7. Nxc6 bxc6 8. Bd4 Nf6 9. Qf3 Bxd4 10. cxd4 Rb8 11. Nc3 Rxb2 12. Bd3 0-0 13. 0-0 d6 14. e5 Nd5 15. Rab1 Rd2 16. Nxd5 cxd5 17. Rb8 dxe5 18. Bf5 e4 19. Qf4 Qf6 20. Bxh7+ Kxh7 21. Qxd2 Qg6 22. Qf4 Qh5 23. Rc1 Rh8 24. Qxc7 Be6 25. Rxh8+ Kxh8 26. Rb1 a6 27. h3 Kh7 28. Qf4 Qe2 29. Qg5 f6 30. Qg3 Bf5 31. Rb7 Bg6 32. Qc7 1-0

[Event "Verbandsliga Suedbaden 1516"]
[Site "Baden"]
[Date "2015.11.22"]
[Round "3.1"]
[White "Kaspereit, Holger"]
[Black "Lerch, Patrice"]
[Result "0-1"]
[WhiteElo "2077"]
[BlackElo "2412"]
[PlyCount "52"]
[EventDate "2015.09.27"]
[EventType "team-tourn"]
[EventRounds "9"]
[EventCountry "GER"]
[SourceTitle "EXT 2022"]
[Source "ChessBase"]
[SourceDate "2021.10.06"]
[SourceVersion "1"]
[SourceVersionDate "2021.10.06"]
[SourceQuality "1"]
[WhiteTeam "Ebringen"]
[BlackTeam "Lahr"]
[WhiteTeamCountry "GER"]
[BlackTeamCountry "GER"]

1. e4 c5 2. d4 cxd4 3. c3 dxc3 4. Nxc3 Nc6 5. Nf3 e6 6. Bc4 Nge7 7. Bg5 f6 8. Be3 a6 9. a4 Ng6 10. 0-0 Qa5 11. Nd4 Qb4 12. Nxc6 bxc6 13. Qe2 Bc5 14. Bd2 Qb8 15. Kh1 Bd6 16. g3 Ne5 17. Ba2 a5 18. f4 Ba6 19. Nb5 Nf7 20. f5 cxb5 21. fxe6 dxe6 22. Bxe6 0-0 23. Rxf6 gxf6 24. Rf1 Be5 25. Qh5 Bc8 26. Bd5 Kg7 0-1

[Event "Wasselonne op 19th"]
[Site "Wasselonne"]
[Date "2015.08.06"]
[Round "5"]
[White "Lerch, Patrice"]
[Black "Bellahcene, Bilel"]
[Result "0-1"]
[WhiteElo "2411"]
[BlackElo "2438"]
[PlyCount "58"]
[EventDate "2015.08.06"]
[EventType "swiss"]
[EventRounds "7"]
[EventCountry "FRA"]
[SourceTitle "EXT 2016"]
[Source "ChessBase"]
[SourceDate "2015.10.08"]
[SourceVersion "1"]
[SourceVersionDate "2015.10.08"]
[SourceQuality "1"]

1. g3 d5 2. Bg2 g6 3. Nc3 Nf6 4. d3 Bg7 5. Bg5 h6 6. Bd2 e5 7. Qc1 Nc6 8. a3 Be6 9. b4 Qd7 10. Rb1 Rd8 11. h4 Ne7 12. b5 Ng4 13. h5 g5 14. f3 Nf6 15. e4 0-0 16. Nge2 Kh7 17. a4 Ne8 18. f4 gxf4 19. gxf4 f5 20. fxe5 fxe4 21. d4 Bg4 22. Be3 c5 23. bxc6 bxc6 24. Nf4 Nf5 25. Rf1 Ng3 26. Rg1 Nxh5 27. Nxh5 Bxh5 28. Nxe4 Qg4 29. Nf6+ Nxf6 0-1